00594 2200205 4500001002100000005001500021035002000036007000300056008004100059020001500100082001000115084001600125100002900141245010700170250001000277260004100287300003100328650002000359990000900379INLIS00000000000711920210310091746 a0010-0321000489ta210310 g | ind  a9794165905 a330.9 a330.9 TJI k0 aTJIPTOHERIJANTO, prijono1 aKeseimbangan Penduduk, Manajemen Sumber Daya Manusia dan Pembangunan Daerah /cPrijono Tjiptoherijanto aCet.1 aJakarta :bPT Penebar Swadaya,c1999 a195 hlm ;c14,5 x 20, 5 cm 4aEkonomi Keadaan a4373